Experimental design and methods
Αποθηκεύτηκε σε:
| Άλλοι συγγραφείς: | |
|---|---|
| Μορφή: | Βιβλίο |
| Γλώσσα: | English |
| Δημοσίευση: |
London :
Sage Publications,
1993
|
| Σειρά: | International handbook of quantitative applications in the social science
|
| Θέματα: | |
| Ετικέτες: |
Προσθήκη ετικέτας
Δεν υπάρχουν, Καταχωρήστε ετικέτα πρώτοι!
|
MARC
| LEADER | 00000nam a2200000 i 4500 | ||
|---|---|---|---|
| 001 | 1/93896 | ||
| 008 | 991123s1993 eng d | ||
| 020 | |a 0-8039-5429-8 | ||
| 035 | |l 10054584 | ||
| 040 | |a GR-MY-UA |b gre |e aacr | ||
| 041 | 0 | |a eng | |
| 082 | 0 | |a 300.72 | |
| 245 | 1 | 0 | |a Experimental design and methods / |c Michael S. Lewis-Beck, editor |
| 260 | |a London : |b Sage Publications, |c 1993 | ||
| 300 | |a 418 p. |b tabl.; fig. | ||
| 490 | 1 | |a International handbook of quantitative applications in the social sciences |v ; 3 | |
| 504 | |a Includes bibliographical references and index | ||
| 650 | 0 | 0 | |a Social sciences |x Research |x Methodology. |
| 700 | 1 | |a Lewis-Beck, Michael S. |4 edt | |
| 830 | 0 | |a International handbook of quantitative applications in the social science | |
| 852 | |a INST |b LESVOS |e 19991123 |h 300.72 EXP |p 005100018974 |q 005100018974 |t BK |y 0 | ||
| 901 | |a BIBL1-1999-3 | ||
| 909 | |a Λ |b 070812 | ||
| 922 | |a 1ΕΛΗ |b 199911 |c ΚΠΣ/ΠΜΣ |d ΠΑΠΑΣΩΤΗΡΙΟΥ | ||
| 950 | |a 157-1999-08-24 | ||
| 970 | |a ΜΟΥΣΤΑΚΑ |b ΠΗΝΕΛΟΠΗ |z 1999/11/24 | ||